Normal view
MARC view
Entry Uniform Title
001 - CONTROL NUMBER
- control field: 583
003 - CONTROL NUMBER IDENTIFIER
- control field: BD-RjUL
005 - DATE AND TIME OF LATEST TRANSACTION
- control field: 20220109103614.0
008 - FIXED-LENGTH DATA ELEMENTS
- fixed length control field: 220109|| aca||aabn | a|a d
040 ## - CATALOGING SOURCE
- Original cataloging agency: BD-RjUL
- Transcribing agency: BD-RjUL
130 ## - HEADING--UNIFORM TITLE
- Uniform title: silsilat islamiyat al ma'rifah ; ; سلسلة اسلامية المعرفة
670 ## - SOURCE DATA FOUND
- Source citation: Work cat.: (BD-RjUL)79132: مرشو، غريغوار منصور،;; Marshu, Ghrighwar Mansur, مؤلف 1946 (1365)- 574, مقدمات الاستتباع : Muqaddimat al Istitba :